• 首页
  • 本馆介绍
  • 公告通知
  • 最新文献
  • 馆藏检索
  • 电子资源
  • 读者导购
  • 参考咨询
  • 我的图书馆
  • 登录
  • 详细信息显示
  • 放入我的书架
  • 预约/预借图书
  • 作者相关作品
  • 分类相关作品
  • 丛书相关作品
  • 出版社相关作品

书目信息

  • 表格格式
  • 工作单格式
  • 卡片格式
题名:
日英汉化学化工词汇
    
 
作者: ;化学工业出版社 编写
分册:  
出版信息: 北京   化学工业出版社  1985
页数: 1716页
开本: 26cm
丛书名:
单 册:
中图分类: O6-61
科图分类:
主题词: 化学--词汇--日、英、中 , 化学工业--词汇--日、英、中
电子资源:
ISBN:
000 00758nam0 2200253 45
001 0185019475
005 20061122101812.89
010    @b精装@dCNY26.10
091    @aCN@b15063.3199
100    @a19900923d1985 kemy0chiy0121 ea
101 2  @ajpn@aeng@achi
102    @aCN@b110000
105    @ay e 001yy
200 10 @a日英汉化学化工词汇@Ari ying han hua xue hua gong ci hui@f化学工业出版社组织编写
210    @a北京@c化学工业出版社@d1985
215    @a1716页@d26cm
300    @a附: 日文汉字索引和英文索引
606    @a化学@x词汇@x日、英、中
606    @a化学工业@x词汇@x日、英、中
690    @aO6-61@v3
711 02 @a化学工业出版社@Ahua xue gong ye chu ban she@4编写
801  2 @aCN@bNLC@c20061122
801  0 @aCN@bTSSF
905    @a10447@dO6-61@e177
    
    日英汉化学化工词汇/化学工业出版社组织编写.-北京:化学工业出版社,1985
    1716页;26cm
    附: 日文汉字索引和英文索引
    
    ISBN (精装):CNY26.10
    
●
相关链接 在E读中查询图书 在五车中查询图书 在当当中查询图书 在豆瓣中查询图书


正题名:日英汉化学化工词汇     索取号:O6-61/177         预约/预借

序号 登录号 条形码 馆藏地/架位号 状态 备注
1 0151366   202097701   第二样本阅览室/ [索取号:O6-61/177] 在馆    
唐山师范学院图书馆 欢迎您!
大连网信软件有限公司© 版权所有